[Event "Mecklenburg VP LL2 West 2223"]
[Site "Mecklenburg VP"]
[Date "2023.02.26"]
[Round "6.2"]
[White "Kross, Gunnar"]
[Black "Mueller Navarra, Sylvin"]
[Result "0-1"]
[WhiteElo "2049"]
[BlackElo "1914"]
[PlyCount "42"]
[EventDate "2022.10.23"]
[EventType "team-tourn"]
[EventRounds "9"]
[EventCountry "GER"]
[SourceTitle "EXT 2024"]
[Source "ChessBase"]
[SourceDate "2023.10.10"]
[SourceVersion "1"]
[SourceVersionDate "2023.10.10"]
[SourceQuality "1"]
[WhiteTeam "Grevesmuehlen Blau Weiss"]
[BlackTeam "Parchim SV Blau-Weiss 69"]
[WhiteTeamCountry "GER"]
[BlackTeamCountry "GER"]

1. d4 Nf6 2. c4 e6 3. Nf3 d5 4. Nc3 Bb4 5. Bg5 h6 6. Bh4 dxc4 7. e3 b5 8. Ne5 g5 9. Bg3 Bb7 10. f3 Nd5 11. Qd2 f6 12. Qc2 fxe5 13. Qg6+ Kd7 14. 0-0-0 Nxc3 15. bxc3 Ba3+ 16. Kc2 Qg8 17. dxe5+ Kc8 18. Qf6 Qh7+ 19. Bd3 cxd3+ 20. Rxd3 Re8 21. Rhd1 Nd7 0-1

[Event "Hamburg St Pauli op-A"]
[Site "Hamburg"]
[Date "2010.07.10"]
[Round "1"]
[White "Mueller Navarra, Sylvin"]
[Black "Lampe, Joerg"]
[Result "0-1"]
[WhiteElo "1975"]
[BlackElo "2183"]
[PlyCount "34"]
[EventDate "2010.07.10"]
[EventType "swiss"]
[EventRounds "9"]
[EventCountry "GER"]
[SourceTitle "EXT 2013"]
[Source "ChessBase"]
[SourceDate "2012.11.22"]
[SourceVersion "1"]
[SourceVersionDate "2012.11.22"]
[SourceQuality "1"]

1. d4 d5 2. c4 e6 3. cxd5 exd5 4. Nc3 c5 5. Nf3 Nc6 6. g3 Nf6 7. Bg5 cxd4 8. Nxd4 Be7 9. Bg2 0-0 10. 0-0 h6 11. Bxf6 Bxf6 12. Nxc6 bxc6 13. e4 d4 14. e5 Bxe5 15. Bxc6 dxc3 16. Bxa8 cxb2 17. Qxd8 bxa1Q 0-1